Socceroos 2015 Asian Cup Squad - Statistics

General Stats
  • This quiz has been taken 65 times
  • The average score is 13 of 24
Answer Stats
Squad Number Answer % Correct
1 Mathew Ryan
96%
4 Tim Cahill
96%
21 Massimo Luongo
79%
15 Mile Jedinak
79%
7 Mathew Leckie
77%
20 Trent Sainsbury
77%
5 Mark Milligan
70%
10 Robbie Kruse
68%
Coach Ange Postecoglou
60%
14 James Troisi
58%
13 Aziz Behich
53%
12 Mitchell Langerak
53%
9 Tomi Juric
51%
23 Mark Bresciano
49%
6 Matthew Spiranovic
45%
3 Jason Davidson
43%
11 Tommy Oar
43%
2 Ivan Franjic
42%
17 Matt McKay
36%
22 Alex Wilkinson
34%
18 Eugene Galekovic
30%
16 Nathan Burns
23%
19 Terry Antonis
17%
8 Chris Herd
8%
No matching quizzes found
Score Distribution
Percent of People with Each Score
Percentile by Number Answered
Your Score History
You have not taken this quiz